00605nam a22001097a 4500040000800000082002700008100001800035245030100053260002600354300002800380856008700408 cRUA aAVM PEO 2012 B103 Or.1 aPEOU, CHENDA. aepidemiology survey of newcastle disease in bakan district, pursat province (ការសិក្សាពីកម្រិតឆ្លងរាលដាលនៃជំងឺញ៉ូវកាស​ នៅក្នុងស្រុកបាកាន ខេត្តពោធិ៍សាត់) aPhnom PenhbRUAc2012 aviii, 39p.bill.c29cm. uhttps://drive.google.com/file/d/1IJElIO4qct4ZxqZ9-HaufAf2YfkB5fhl/view?usp=sharing